On This Day: November 4th II Quiz Stats

 Plays Quiz Updated Nov 4, 2018

Score 0/7 Timer 03:00
0 Plays Today
Question Answer Wrong Answers
This man, a former Hollywood actor and Governor of California, is elected President of the United States, defeating incumbent Jimmy Carter.
1980
Ronald Reagan
93.4%
George H. W. Bush
1.4%
Richard Nixon
1.8%
Gerald Ford
1.5%
This American athlete, for whom MLB's annual award for best pitcher is named, dies at the age of 88.
1955
Cy Young
85%
Walter Johnson
4.5%
Lefty Grove
4.7%
Bob Feller
3.9%
This American actor and producer, known for movies like ‘Dazed and Confused’, ‘The Lincoln Lawyer’, and ‘Dallas Buyers Club’, is born.
1969
Matthew McConaughey
83.9%
Woody Harrelson
6.5%
Mark Ruffalo
4.4%
Josh Brolin
3.5%
Camillo Benso, Count of Cavour, becomes the Prime Minister of Piedmont-Sardinia, which he soon helps expand into a united Kingdom of ______.
1852
Italy
74.3%
Germany
2.2%
France
7%
Spain
15.6%
This fantasy film, directed by Chris Columbus, premieres in London, eventually becoming the highest-grossing film of 2001.
2001
Harry Potter and the Sorcerer's Stone
63.1%
Monsters, Inc.
2.8%
Shrek
9.7%
The Lord of the Rings: The Fellowship of the Ring
22.3%
Nellie Tayloe Ross is elected Governor of ______, becoming the first female sworn in as governor in the United States.
1924
Wyoming
47.6%
Massachusetts
19.1%
New York
7.8%
Rhode Island
23.9%
The Rebellion of Túpac Amaru II against Spanish rule in the Viceroyalty of ______ begins.
1780
Peru
47%
Brazil
11.3%
Mexico
33.2%
Cuba
8.2%

You're not logged in!

Compare scores with friends on all Sporcle quizzes.
OR
Log In

Sporcle TV

Today on Sporcle TV


Watch our educational content, quiz creation guides, and fun videos on Sporcle TV.

Show Comments

Extras

Top Quizzes Today


Score Distribution

Your Account Isn't Verified!

In order to create a playlist on Sporcle, you need to verify the email address you used during registration. Go to your Sporcle Settings to finish the process.

Report this User

Report this user for behavior that violates our Community Guidelines.

Details: